[Event "BCF-chT3 0809 (4NCL)"]
[Site "Hinckley Island"]
[Date "2009.03.21"]
[Round "7.3"]
[White "Meade, Philip J"]
[Black "Hill, David F"]
[Result "0-1"]
[WhiteElo "2055"]
[BlackElo "2064"]
[PlyCount "54"]
[EventDate "2008.10.18"]
[EventType "team-swiss"]
[EventRounds "11"]
[EventCountry "ENG"]
[SourceTitle "EXT 2010"]
[Source "ChessBase"]
[SourceDate "2010.11.25"]
[SourceVersion "1"]
[SourceVersionDate "2010.11.25"]
[SourceQuality "1"]
[WhiteTeam "Gloucestershire Gambits"]
[BlackTeam "Guildford IV"]
[WhiteTeamCountry "ENG"]
[BlackTeamCountry "ENG"]

1. e4 c5 2. Nf3 e6 3. d4 cxd4 4. Nxd4 a6 5. Be2 Nf6 6. Nc3 Qc7 7. 0-0 d6 8. Be3 b5 9. a3 Bb7 10. f3 Nbd7 11. Qe1 Be7 12. Qg3 h5 13. Rad1 h4 14. Qf2 Ne5 15. Ndxb5 axb5 16. Bb6 Qd7 17. Nxb5 0-0 18. c4 Qc6 19. Rc1 Nfd7 20. Be3 Nc5 21. Rfd1 Ba6 22. Nd4 Qa4 23. Qf1 Nb3 24. Rc3 Rfb8 25. f4 Nxd4 26. fxe5 Nxe2+ 27. Qxe2 Rxb2 0-1

[Event "BCF-chT4 0708 (4NCL)"]
[Site "England"]
[Date "2008.03.16"]
[Round "8.1"]
[White "Hill, David F"]
[Black "Tart, Peter K"]
[Result "0-1"]
[WhiteElo "2064"]
[BlackElo "2020"]
[PlyCount "38"]
[EventDate "2007.09.15"]
[EventType "team-swiss"]
[EventRounds "11"]
[EventCountry "ENG"]
[SourceTitle "EXT 2009"]
[Source "ChessBase"]
[SourceDate "2008.11.26"]
[SourceVersion "1"]
[SourceVersionDate "2008.11.26"]
[SourceQuality "1"]
[WhiteTeam "Guildford V"]
[BlackTeam "AMCA Hippos"]
[WhiteTeamCountry "ENG"]
[BlackTeamCountry "ENG"]

1. c4 b6 2. e4 Bb7 3. Nc3 e6 4. Nf3 Nf6 5. Bd3 Na6 6. Bc2 Nb4 7. Bb1 c5 8. 0-0 Be7 9. d4 cxd4 10. Nxd4 Nc6 11. Bf4 Nxd4 12. Qxd4 Bc5 13. Qd3 a6 14. Rd1 Ng4 15. Bg3 d6 16. Qe2 Qg5 17. h3 Ne5 18. a3 Qxg3 19. Kf1 Qh2 0-1

[Event "BCF-chT2 0708 (4NCL)"]
[Site "Sunningdale"]
[Date "2007.11.11"]
[Round "4.6"]
[White "MacKenzie, Colin"]
[Black "Hill, David F"]
[Result "0-1"]
[WhiteElo "2139"]
[BlackElo "2059"]
[PlyCount "116"]
[EventDate "2007.09.15"]
[EventType "team-tourn"]
[EventRounds "11"]
[EventCountry "ENG"]
[SourceTitle "EXT 2023"]
[Source "ChessBase"]
[SourceDate "2022.10.05"]
[SourceVersion "1"]
[SourceVersionDate "2022.10.05"]
[SourceQuality "1"]
[WhiteTeam "Kings Head"]
[BlackTeam "Guildford III"]
[WhiteTeamCountry "ENG"]
[BlackTeamCountry "ENG"]

1. c4 e5 2. g3 Nf6 3. Bg2 d5 4. cxd5 Nxd5 5. Nc3 Nb6 6. Nf3 Nc6 7. 0-0 Be7 8. d3 0-0 9. a3 Be6 10. b4 f6 11. Be3 Nd4 12. Bxd4 exd4 13. Nb5 c5 14. bxc5 Bxc5 15. Rc1 Qe7 16. Nfxd4 Bf7 17. Nf5 Qe5 18. d4 Qxf5 19. dxc5 Nc4 20. Nd6 Nxd6 21. Qxd6 Rfd8 22. Qf4 Qxf4 23. gxf4 Bd5 24. e4 Bc6 25. Rfd1 Rac8 26. Bh3 Rxd1+ 27. Rxd1 Re8 28. f3 Kf7 29. Kf2 Ke7 30. Rd6 Rd8 31. e5 Rf8 32. Rd3 h5 33. e6 f5 34. Rd6 Rf6 35. Bf1 Rxe6 36. Rxe6+ Kxe6 37. Bc4+ Bd5 38. Bd3 g6 39. Ke3 Bb3 40. Kd4 Bd5 41. Bc4 Bxc4 42. Kxc4 h4 43. h3 Kd7 44. Kd5 a6 45. a4 Kc7 46. Ke6 Kc6 47. Kf6 Kxc5 48. Kxg6 b5 49. axb5 a5 50. Kxf5 a4 51. Ke6 a3 52. f5 a2 53. f6 a1Q 54. f7 Qg7 55. Ke7 Qe5+ 56. Kd8 Qf6+ 57. Ke8 Qe6+ 58. Kf8 Qxh3 0-1

[Event "BCF-chT3 0607 (4NCL)"]
[Site "Sunningdale"]
[Date "2007.01.13"]
[Round "5.3"]
[White "Almond, Richard"]
[Black "Hill, David F"]
[Result "1/2-1/2"]
[WhiteElo "2109"]
[BlackElo "2061"]
[PlyCount "40"]
[EventDate "2006.09.16"]
[EventType "team-tourn"]
[EventRounds "11"]
[EventCountry "ENG"]
[SourceTitle "EXT 2008"]
[Source "ChessBase"]
[SourceDate "2007.11.25"]
[SourceVersion "1"]
[SourceVersionDate "2007.11.25"]
[SourceQuality "1"]
[WhiteTeam "Mindsports"]
[BlackTeam "Guildford IV"]
[WhiteTeamCountry "ENG"]
[BlackTeamCountry "ENG"]

1. d4 d5 2. c4 c6 3. Nf3 Nf6 4. Nc3 dxc4 5. a4 Bf5 6. e3 e6 7. Bxc4 Bb4 8. 0-0 0-0 9. Nh4 Nbd7 10. f3 Nb6 11. Bb3 Nfd5 12. Nxf5 Nxc3 13. bxc3 Bxc3 14. Rb1 exf5 15. Qd3 Bb4 16. Qxf5 a5 17. Bb2 Qe7 18. e4 Rad8 19. Rfd1 Nd5 20. Bxd5 cxd5 1/2-1/2

[Event "BCF-chT4 0506 (4NCL)"]
[Site "West Bromwich"]
[Date "2006.03.18"]
[Round "7.2"]
[White "Zhang, Marco"]
[Black "Hill, David F"]
[Result "0-1"]
[WhiteElo "1915"]
[BlackElo "2070"]
[PlyCount "76"]
[EventDate "2005.11.05"]
[EventType "team-tourn"]
[EventRounds "11"]
[EventCountry "ENG"]
[SourceTitle "CBM 109 Extra"]
[Source "ChessBase"]
[SourceDate "2006.01.03"]
[SourceVersion "2"]
[SourceVersionDate "2006.01.03"]
[SourceQuality "1"]
[WhiteTeam "Oxford III"]
[BlackTeam "Guildford V"]
[WhiteTeamCountry "ENG"]
[BlackTeamCountry "ENG"]

1. e4 c5 2. d4 cxd4 3. c3 e6 4. Nf3 Nc6 5. a3 Nge7 6. cxd4 d5 7. e5 Nf5 8. Be3 Be7 9. Qd2 Bd7 10. Bd3 Na5 11. Qe2 Nxe3 12. Qxe3 Nb3 13. Ra2 Rc8 14. 0-0 Qb6 15. Nc3 h6 16. Bc2 Na5 17. Bd3 Nc4 18. Bxc4 Rxc4 19. b4 0-0 20. Rc1 Rfc8 21. Raa1 a5 22. Na2 axb4 23. Nxb4 Rxc1+ 24. Rxc1 Rxc1+ 25. Qxc1 Bxb4 26. axb4 Qxb4 27. Qa1 Ba4 28. h4 b5 29. Kf1 Bc2 30. Ke2 Qc4+ 31. Ke1 Bd3 32. Nd2 Qc2 33. Qa3 b4 34. Qb3 Qc1+ 35. Qd1 Qc3 36. Qb3 Qa1+ 37. Qd1 Qxd4 38. Nf3 Qe4+ 0-1

[Event "BCF-chT4a 0405 (4NCL)"]
[Site "Telford"]
[Date "2005.02.27"]
[Round "6.3"]
[White "Payne, Nicholas"]
[Black "Hill, David F"]
[Result "1-0"]
[WhiteElo "2101"]
[BlackElo "2071"]
[PlyCount "60"]
[EventDate "2004.11.06"]
[EventType "team-tourn"]
[EventRounds "11"]
[EventCountry "ENG"]
[SourceTitle "EXT 2006"]
[Source "ChessBase"]
[SourceDate "2005.11.24"]
[SourceVersion "1"]
[SourceVersionDate "2005.11.24"]
[SourceQuality "1"]
[WhiteTeam "Slough Sharks II"]
[BlackTeam "Guildford IV"]
[WhiteTeamCountry "ENG"]
[BlackTeamCountry "ENG"]

1. e4 e6 2. d4 d5 3. Nd2 c5 4. exd5 exd5 5. dxc5 Bxc5 6. Nb3 Bb6 7. Nf3 Nc6 8. Be2 Nf6 9. 0-0 0-0 10. c3 Re8 11. Bg5 h6 12. Bh4 g5 13. Bg3 Ne4 14. c4 Nxg3 15. hxg3 g4 16. Nfd2 Qg5 17. cxd5 Nd4 18. Nxd4 Bxd4 19. Nc4 Qxd5 20. Qd2 b5 21. Ne3 Qe5 22. Nxg4 Qxe2 23. Nxh6+ Kh7 24. Qxd4 Kxh6 25. Qf6+ Kh7 26. Qxf7+ Kh8 27. Rad1 Be6 28. Qf6+ Kg8 29. Rfe1 Qg4 30. Rd4 Qf5 1-0

[Event "BCF-chT3 0304 (4NCL)"]
[Site "West Bromwich"]
[Date "2004.06.20"]
[Round "11.5"]
[White "Valentine, Brian J"]
[Black "Hill, David F"]
[Result "1/2-1/2"]
[WhiteElo "2063"]
[BlackElo "2049"]
[PlyCount "55"]
[EventDate "2003.11.23"]
[EventType "team-tourn"]
[EventRounds "11"]
[EventCountry "ENG"]
[SourceTitle "EXT 2005"]
[Source "ChessBase"]
[SourceDate "2004.11.15"]
[SourceVersion "1"]
[SourceVersionDate "2004.11.15"]
[SourceQuality "1"]
[WhiteTeam "FCA Solutions"]
[BlackTeam "Guildford III"]
[WhiteTeamCountry "ENG"]
[BlackTeamCountry "ENG"]

1. e4 d6 2. d4 g6 3. Nc3 Bg7 4. h3 Nd7 5. Nf3 c6 6. a4 Qc7 7. Be2 Ngf6 8. 0-0 0-0 9. Be3 b6 10. Qd2 Bb7 11. Rad1 a6 12. Bh6 b5 13. Bxg7 Kxg7 14. Qe3 b4 15. e5 Rfe8 16. e6 bxc3 17. exd7 Qxd7 18. Qxc3 a5 19. Rfe1 Rec8 20. Qd2 e6 21. b3 Qc7 22. c4 c5 23. Qe3 Bxf3 24. Bxf3 Rab8 25. Rd3 Rb4 26. Bd1 d5 27. cxd5 Nxd5 28. Qe5+ 1/2-1/2

[Event "BCF-chT3 0304 (4NCL)"]
[Site "West Bromwich"]
[Date "2004.06.19"]
[Round "10.5"]
[White "Hill, David F"]
[Black "Chipanga, Takaedza"]
[Result "0-1"]
[WhiteElo "2049"]
[BlackElo "2170"]
[PlyCount "128"]
[EventDate "2003.11.23"]
[EventType "team-tourn"]
[EventRounds "11"]
[EventCountry "ENG"]
[SourceTitle "EXT 2005"]
[Source "ChessBase"]
[SourceDate "2004.11.15"]
[SourceVersion "1"]
[SourceVersionDate "2004.11.15"]
[SourceQuality "1"]
[WhiteTeam "Guildford III"]
[BlackTeam "Hilsmark Kingfisher"]
[WhiteTeamCountry "ENG"]
[BlackTeamCountry "ENG"]

1. Nf3 d5 2. d4 Nf6 3. c4 dxc4 4. e3 e6 5. Bxc4 c5 6. Qe2 a6 7. dxc5 Bxc5 8. 0-0 b5 9. Bd3 0-0 10. a4 b4 11. Nbd2 Bb7 12. Nb3 Nbd7 13. e4 Be7 14. Bf4 Nh5 15. Be3 e5 16. Rfd1 Nhf6 17. Nfd2 Bd6 18. Nc4 Bc7 19. Nc5 Bc6 20. Nd2 a5 21. Rac1 Nxc5 22. Bxc5 Re8 23. Bb5 Re6 24. Nf3 Qb8 25. Ng5 Bxb5 26. axb5 Re8 27. Qc4 h6 28. Qxf7+ Kh8 29. Ne6 Rxe6 30. Qxe6 Qxb5 31. Be7 Ne8 32. Qd5 Rb8 33. Qf7 Bb6 34. Bd6 Rd8 35. Be7 Rb8 36. Bh4 Bd4 37. b3 Qe2 38. Qd7 Qxe4 39. Rc8 Rxc8 40. Qxc8 Qg6 41. Bg3 Kh7 42. h3 Nf6 43. Qc6 Qxg3 44. Rxd4 Qxb3 45. Rd6 Qb1+ 46. Kh2 Qf5 47. Re6 Qxf2 48. Qc7 Qf4+ 49. Kg1 b3 50. Rxe5 a4 51. Qc3 Ne4 52. Qd4 Qf2+ 53. Qxf2 Nxf2 54. Rb5 Nd3 55. Kf1 b2 56. Ke2 a3 57. Kxd3 a2 58. Rxb2 a1Q 59. Re2 Qa3+ 60. Ke4 Qg3 61. Kf5 g6+ 62. Kf6 h5 63. Re7+ Kh6 64. Re2 Qd3 0-1

[Event "BCF-chT3 0304 (4NCL)"]
[Site "West Bromwich"]
[Date "2004.05.29"]
[Round "7.4"]
[White "Hill, David F"]
[Black "Pleasants, Allan J"]
[Result "1/2-1/2"]
[WhiteElo "2049"]
[BlackElo "2107"]
[PlyCount "55"]
[EventDate "2003.11.23"]
[EventType "team-tourn"]
[EventRounds "11"]
[EventCountry "ENG"]
[SourceTitle "EXT 2005"]
[Source "ChessBase"]
[SourceDate "2004.11.15"]
[SourceVersion "1"]
[SourceVersionDate "2004.11.15"]
[SourceQuality "1"]
[WhiteTeam "Guildford III"]
[BlackTeam "Wessex II"]
[WhiteTeamCountry "ENG"]
[BlackTeamCountry "ENG"]

1. Nf3 d5 2. d4 Nf6 3. c4 c6 4. e3 e6 5. Bd3 Be7 6. 0-0 Nbd7 7. b3 0-0 8. Bb2 b6 9. Nbd2 Bb7 10. Rc1 Rc8 11. e4 dxe4 12. Nxe4 Nxe4 13. Bxe4 Nf6 14. Bc2 Qc7 15. Qd3 Rfd8 16. Rfe1 Qf4 17. h3 Bd6 18. Rcd1 Qh6 19. Bc1 Bf4 20. Bxf4 Qxf4 21. Qe3 Qxe3 22. Rxe3 c5 23. dxc5 Rxd1+ 24. Bxd1 Rd8 25. Bc2 bxc5 26. Kf1 Bxf3 27. Rxf3 Rd2 28. Rc3 1/2-1/2

[Event "BCF-chT3 0304 (4NCL)"]
[Site "West Bromwich"]
[Date "2004.01.25"]
[Round "4.7"]
[White "Hill, David F"]
[Black "Birtwistle, Nigel"]
[Result "1/2-1/2"]
[WhiteElo "2049"]
[BlackElo "2040"]
[PlyCount "75"]
[EventDate "2003.11.23"]
[EventType "team-tourn"]
[EventRounds "11"]
[EventCountry "ENG"]
[SourceTitle "EXT 2005"]
[Source "ChessBase"]
[SourceDate "2004.11.15"]
[SourceVersion "1"]
[SourceVersionDate "2004.11.15"]
[SourceQuality "1"]
[WhiteTeam "Guildford III"]
[BlackTeam "Slough II"]
[WhiteTeamCountry "ENG"]
[BlackTeamCountry "ENG"]

1. c4 e5 2. Nc3 d6 3. e3 g6 4. d4 Bg7 5. Nf3 Nd7 6. Rb1 Ne7 7. b4 0-0 8. Qb3 a5 9. a3 axb4 10. axb4 exd4 11. exd4 Nf5 12. Be2 Nxd4 13. Nxd4 Bxd4 14. 0-0 Bg7 15. Bf3 Ne5 16. Be2 Bf5 17. Rb2 Nc6 18. Be3 Qf6 19. Rc1 Nd4 20. Qd1 Nxe2+ 21. Rxe2 Bg4 22. Nd5 Qd8 23. f3 Be6 24. Bd4 Bxd5 25. cxd5 Qh4 26. Re4 Bxd4+ 27. Qxd4 Qg5 28. f4 Qg4 29. h3 Qd7 30. f5 Qxf5 31. Rxc7 Ra1+ 32. Qxa1 Qxe4 33. Rxb7 Qxd5 34. Qa7 Qe4 35. Rb8 Qe1+ 36. Kh2 Qe5+ 37. Kh1 Qe1+ 38. Kh2 1/2-1/2

[Event "BCF-chT3 0304 (4NCL)"]
[Site "West Bromwich"]
[Date "2004.01.24"]
[Round "3.7"]
[White "Pritchard, David Brine"]
[Black "Hill, David F"]
[Result "0-1"]
[WhiteElo "1864"]
[BlackElo "2049"]
[PlyCount "96"]
[EventDate "2003.11.23"]
[EventType "team-tourn"]
[EventRounds "11"]
[EventCountry "ENG"]
[SourceTitle "EXT 2005"]
[Source "ChessBase"]
[SourceDate "2004.11.15"]
[SourceVersion "1"]
[SourceVersionDate "2004.11.15"]
[SourceQuality "1"]
[WhiteTeam "The ADS II"]
[BlackTeam "Guildford III"]
[WhiteTeamCountry "ENG"]
[BlackTeamCountry "ENG"]

1. e4 e6 2. d4 d5 3. e5 c5 4. Qg4 Qa5+ 5. c3 cxd4 6. Bd3 Nc6 7. Nf3 dxc3 8. bxc3 d4 9. 0-0 Nxe5 10. Nxe5 Qxe5 11. cxd4 Nf6 12. Qd1 Qa5 13. Nd2 Be7 14. Nc4 Qd5 15. Bb2 0-0 16. Re1 b5 17. Ne3 Qd7 18. Qe2 Rb8 19. Ng4 Nxg4 20. Qxg4 f5 21. Qe2 Bf6 22. Rad1 Qd5 23. Bb1 Bd7 24. Rd3 Rfe8 25. f4 Bc6 26. Red1 Qd6 27. Qf2 Be4 28. R3d2 Bd5 29. Qe3 Rec8 30. Qa3 b4 31. Qg3 a5 32. h4 a4 33. h5 a3 34. Ba1 b3 35. axb3 Rxb3 36. Qf2 Qd8 37. Ba2 Bh4 38. Qe2 Rg3 39. Bxd5 Qxd5 40. Re1 Qxg2+ 41. Qxg2 Rxg2+ 42. Kxg2 Bxe1 43. Re2 Rc1 44. Ra2 Bc3 45. Bxc3 Rxc3 46. Kf2 Rd3 47. Ke2 Rxd4 48. Ke3 Re4+ 0-1

[Event "BCF-chT3 0203 (4NCL)"]
[Site "West Bromwich"]
[Date "2003.03.09"]
[Round "6.5"]
[White "Hill, David F"]
[Black "Richardson, Alex"]
[Result "1/2-1/2"]
[WhiteElo "2066"]
[BlackElo "2098"]
[PlyCount "47"]
[EventDate "2002.11.??"]
[EventType "team-tourn"]
[EventRounds "11"]
[EventCountry "ENG"]
[SourceTitle "EXT 2004"]
[Source "ChessBase"]
[SourceDate "2003.11.25"]
[SourceVersion "1"]
[SourceVersionDate "2003.11.25"]
[SourceQuality "1"]
[WhiteTeam "Guildford III"]
[BlackTeam "Slough II"]
[WhiteTeamCountry "ENG"]
[BlackTeamCountry "ENG"]

1. Nf3 c5 2. c4 Nf6 3. g3 d5 4. Bg2 Nc6 5. cxd5 Nxd5 6. 0-0 e5 7. Nc3 Nc7 8. d3 Be7 9. Nd2 Bd7 10. Nc4 0-0 11. b3 b5 12. Ne3 Kh8 13. Bb2 Rb8 14. Ncd5 Bd6 15. Rc1 Nxd5 16. Nxd5 Rc8 17. Qd2 Bg4 18. Ne3 Be6 19. Ba3 Nd4 20. Nd1 b4 21. Bb2 Bg4 22. Bxd4 exd4 23. e4 Be6 24. f4 1/2-1/2

[Event "BCF-chT3 0203 (4NCL)"]
[Site "West Bromwich"]
[Date "2003.01.18"]
[Round "3.5"]
[White "Muter, Donny"]
[Black "Hill, David F"]
[Result "1-0"]
[WhiteElo "2085"]
[BlackElo "2066"]
[PlyCount "72"]
[EventDate "2002.11.??"]
[EventType "team-tourn"]
[EventRounds "11"]
[EventCountry "ENG"]
[SourceTitle "EXT 2004"]
[Source "ChessBase"]
[SourceDate "2003.11.25"]
[SourceVersion "1"]
[SourceVersionDate "2003.11.25"]
[SourceQuality "1"]
[WhiteTeam "Mindsports"]
[BlackTeam "Guildford III"]
[WhiteTeamCountry "ENG"]
[BlackTeamCountry "ENG"]

1. d4 d5 2. Nf3 e6 3. c4 Nf6 4. Nc3 Be7 5. Bg5 h6 6. Bh4 0-0 7. e3 Ne4 8. Bxe7 Qxe7 9. Qc2 Nxc3 10. Qxc3 dxc4 11. Bxc4 c5 12. 0-0 Nd7 13. Qa3 Re8 14. Rfd1 e5 15. dxe5 Nxe5 16. Nxe5 Qxe5 17. Rd5 Qe4 18. Qxc5 Be6 19. Rd4 Qc2 20. Qb4 Rac8 21. Bxe6 Rxe6 22. Qd2 Rc5 23. g3 Rb6 24. b3 Ra6 25. Qb4 Rb6 26. Qa4 Rf5 27. Rf4 Rxf4 28. exf4 g6 29. Qxa7 Qc6 30. Qb8+ Kh7 31. Re1 Rb5 32. Qe8 Qxe8 33. Rxe8 Kg7 34. Re3 h5 35. Re5 Rb4 36. Kf1 Kf6 1-0

[Event "BCF-chT qual (4NCL)"]
[Site "England"]
[Date "2002.06.01"]
[Round "1"]
[White "Tunks, Dominic"]
[Black "Hill, David F"]
[Result "1/2-1/2"]
[WhiteElo "2096"]
[BlackElo "2151"]
[PlyCount "63"]
[EventDate "2002.06.??"]
[EventType "team-tourn"]
[EventRounds "8"]
[EventCountry "ENG"]
[SourceTitle "EXT 2005"]
[Source "ChessBase"]
[SourceDate "2004.11.15"]
[SourceVersion "1"]
[SourceVersionDate "2004.11.15"]
[SourceQuality "1"]
[WhiteTeam "Wessex"]
[BlackTeam "Guildford"]
[WhiteTeamCountry "ENG"]
[BlackTeamCountry "ENG"]

1. e4 c5 2. Nf3 e6 3. d3 Nc6 4. c3 d5 5. Nbd2 Bd6 6. g3 Nge7 7. Bg2 0-0 8. 0-0 Qc7 9. Re1 Bd7 10. Qe2 f6 11. a3 a5 12. a4 Be8 13. h4 Bh5 14. Bh3 f5 15. g4 fxg4 16. Ng5 Rxf2 17. Qxf2 Bg3 18. Qe2 Bxe1 19. Qxe1 gxh3 20. Nf1 Rf8 21. Nh2 Rf6 22. Bd2 Ne5 23. Qe3 d4 24. Qxh3 h6 25. Nxe6 Qd7 26. Nf4 Qxh3 27. Nxh3 Nf3+ 28. Nxf3 Rxf3 29. Nf2 Nc6 30. cxd4 cxd4 31. Kg2 Rf8 32. Rc1 1/2-1/2

[Event "BCF-chT3 0102 (4NCL)"]
[Site "Birmingham"]
[Date "2002.01.20"]
[Round "6.1"]
[White "Jones, Richard S"]
[Black "Hill, David F"]
[Result "1-0"]
[WhiteElo "2174"]
[BlackElo "2151"]
[PlyCount "52"]
[EventDate "2001.09.??"]
[EventType "team-tourn"]
[EventRounds "11"]
[EventCountry "ENG"]
[SourceTitle "EXT 2003"]
[Source "ChessBase"]
[SourceDate "2002.11.25"]
[SourceVersion "1"]
[SourceVersionDate "2002.11.25"]
[SourceQuality "1"]
[WhiteTeam "SW Dragons II"]
[BlackTeam "Guildford III"]
[WhiteTeamCountry "ENG"]
[BlackTeamCountry "ENG"]

1. e4 e6 2. Nc3 c5 3. g3 d5 4. exd5 exd5 5. d4 cxd4 6. Qxd4 Nf6 7. Bg5 Be7 8. Bg2 Nc6 9. Qd2 0-0 10. 0-0-0 Qa5 11. Bxf6 Bxf6 12. Bxd5 Bxc3 13. Qxc3 Qxc3 14. bxc3 Re8 15. Nf3 Be6 16. Bxe6 Rxe6 17. Rd7 Re7 18. Rxe7 Nxe7 19. Rd1 Kf8 20. Kb2 Ke8 21. c4 Rc8 22. Kb3 Rc6 23. Nd4 Rb6+ 24. Kc3 Ra6 25. Nb5 Nc6 26. Nc7+ Ke7 1-0